=LDR 00000nam 2200000 4500 =001 INLIS000000000809828 =008 ###################################ind## =035 ##$$a 0010-0825000321 =245 ##$$a Wawasan Nusantara / $c Yudfi =260 ##$$b Pt Cempaka =020 ##$$a 9789796623907 =084 ##$$a 341.4 DFI w =520 ##$$a Hubungan jurisdiksi antara negara-negara =082 ##$$a 341.4